| 000 | 00454nam a2200169 a 4500 | ||
|---|---|---|---|
| 005 | 20140310183200.0 | ||
| 008 | 021205s19uu xx 00 eng d | ||
| 050 |
_aRT 84 _b.C78 1999 |
||
| 100 | _aGrubbs, Peggy A. | ||
| 245 |
_aEssentials for today's assistant. / _cPeggy A. Grubbs. |
||
| 300 |
_a435 p. : _bill. ; _c27 cm. |
||
| 521 | _aNUR | ||
| 650 | _aNurses' aides. | ||
| 650 | _aPrimary nursing care. | ||
| 942 |
_cBK _2lcc _kFOR |
||
| 999 |
_c19856 _d19856 |
||